Инвестиции: учебник для бакалавров

Dades bibliogràfiques
Autor principal: Сергеев И. В. Иван Васильевич
Altres autors: Веретенникова И. И. Ираида Ивановна, Шеховцов В. В. Виталий Васильевич
Sumari:Учебник написан на основе существенной переработки и дополнений неоднократно издаваемого учебного пособия «Организация и финансирование инвестиций». Соответствует Федеральному государственному образовательному стандарту высшего профессионального образования третьего поколения. Материал изложен в доступной, наглядной и сжатой форме в сопровождении схем, таблиц, графиков.
Idioma:rus
Publicat: Москва, Юрайт, 2013
Edició:3-е изд., перераб. и доп.
Col·lecció:Бакалавр. Базовый курс
Matèries:
Format: MixedMaterials Llibre
KOHA link:https://koha.lib.tpu.ru/cgi-bin/koha/opac-detail.pl?biblionumber=233928

MARC

LEADER 00000nam0a2200000 4500
001 233928
005 20231101231259.0
010 |a 9785991623476 
035 |a (RuTPU)RU\TPU\book\255012 
090 |a 233928 
100 |a 20130314d2013 m y0rusy50 ca 
101 0 |a rus 
102 |a RU 
105 |a a j 001zy 
200 1 |a Инвестиции  |e учебник для бакалавров  |f И. В. Сергеев, И. И. Веретенников, В. В. Шеховцов 
205 |a 3-е изд., перераб. и доп. 
210 |a Москва  |c Юрайт  |d 2013 
215 |a 314 с.  |c ил. 
225 1 |a Бакалавр. Базовый курс 
320 |a Библиогр.: с. 312-314. 
320 |a Словарь терминов: с. 302-311. 
330 |a Учебник написан на основе существенной переработки и дополнений неоднократно издаваемого учебного пособия «Организация и финансирование инвестиций». Соответствует Федеральному государственному образовательному стандарту высшего профессионального образования третьего поколения. Материал изложен в доступной, наглядной и сжатой форме в сопровождении схем, таблиц, графиков. 
606 1 |a Инвестиции  |2 stltpush  |3 (RuTPU)RU\TPU\subj\36163  |9 57637 
610 1 |a инвестиционная деятельность 
610 1 |a инвестиционная политика 
610 1 |a иностранные инвестиции 
610 1 |a капитальное строительство 
610 1 |a финансовые инвестиции 
610 1 |a инвестиционные проекты 
610 1 |a экономическое обоснование 
610 1 |a финансовые результаты 
610 1 |a влияние 
610 1 |a инвестиционные портфели 
610 1 |a ценные бумаги 
610 1 |a инвестиционные риски 
610 1 |a снижение 
610 1 |a тесты 
610 1 |a задачи 
610 1 |a учебники 
686 |a У9(2)0-56я73  |v LBC/SL-A  |2 rubbk 
700 1 |a Сергеев  |b И. В.  |g Иван Васильевич 
701 1 |a Веретенникова  |b И. И.  |g Ираида Ивановна 
701 1 |a Шеховцов  |b В. В.  |g Виталий Васильевич 
801 1 |a RU  |b 63413507  |c 20130314 
801 2 |a RU  |b 63413507  |c 20150619  |g RCR 
900 |a Инвестиции 
942 |c BK 
952 |b 080100 
959 |a 45/20130225  |d 2  |e 239,00  |f ЧЗГЛ:1  |f АНЛ:1 
959 |a 117/20130828  |d 2  |e 239,00  |f ЧЗГЛ:1  |f АНЛ:1